Fastest Growing Countries for Tourism in 2016 - Statistics

General Stats
  • This quiz has been taken 48 times
  • The average score is 3 of 10
Answer Stats
Hint Answer % Correct
47.1% Japan
72%
20.4% Thailand
64%
29.2% Iceland
54%
51.9% Myanmar
38%
26.5% Bosnia and Herzegovina
18%
20.9% Panama
18%
21.9% Chile
15%
87.2% Paraguay
15%
94% Tajikstan
3%
21.3% Guinea Bissau
0%
No matching quizzes found
Score Distribution
Percent of People with Each Score
Percentile by Number Answered
Your Score History
You have not taken this quiz